អាជីវកម្មខ្នាតតូចបំផុត / (Record no. 1562)
[ view plain ]
| 000 -LEADER | |
|---|---|
| fixed length control field | 01745nam a22003017a 4500 |
| 001 - CONTROL NUMBER | |
| control field | 1562 |
| 003 - CONTROL NUMBER IDENTIFIER | |
| control field | FISKH |
| 005 - DATE AND TIME OF LATEST TRANSACTION | |
| control field | 20231002115421.0 |
| 008 - FIXED-LENGTH DATA ELEMENTS--GENERAL INFORMATION | |
| fixed length control field | 230907b cb ||||| |||| 00| 0 khr d |
| 020 ## - INTERNATIONAL STANDARD BOOK NUMBER | |
| International Standard Book Number | 9789996305429 |
| 040 ## - CATALOGING SOURCE | |
| Original cataloging agency | FISKH |
| Language of cataloging | eng |
| Transcribing agency | FISKH |
| Modifying agency | FISKH |
| 082 ## - DEWEY DECIMAL CLASSIFICATION NUMBER | |
| Classification number | 658.11 |
| 100 ## - MAIN ENTRY--PERSONAL NAME | |
| Personal name | Anonymous |
| 245 ## - TITLE STATEMENT | |
| Title | អាជីវកម្មខ្នាតតូចបំផុត / |
| 250 ## - EDITION STATEMENT | |
| Edition statement | បោះពុម្ពលើកទី៣ មិថុនា ២០២១ |
| 260 ## - PUBLICATION, DISTRIBUTION, ETC. | |
| Place of publication, distribution, etc. | Phnom Penh : |
| Name of publisher, distributor, etc. | Sipar, |
| Date of publication, distribution, etc. | 2021. |
| 300 ## - PHYSICAL DESCRIPTION | |
| Extent | 40 pages : |
| Other physical details | color illustrations ; |
| Dimensions | 29 cm |
| 490 ## - SERIES STATEMENT | |
| Series statement | បំនិនជីវិត |
| 505 ## - FORMATTED CONTENTS NOTE | |
| Formatted contents note | Z'<br/> |
| 520 ## - SUMMARY, ETC. | |
| Summary, etc. | បង្ហាញពីដំណើរការគ្រប់គ្រងអាជីវកម្មខ្នាតតូច រួមមាន ៖ ការបង្កើតអាជីវកម្មខ្នាតតូច ការគ្រប់គ្រងផែនការថវិកា និងហិរញ្ញវត្ថុ ការសន្សំ និងកម្ចី ការប្រកួតប្រជែង និងរបៀបដោះស្រាយបញ្ហា។ |
| 520 ## - SUMMARY, ETC. | |
| Summary, etc. | Demonstrates the process of managing a small business, including: setting up a small business, managing budget and financial plans, savings and loans, competition, and problem solving. |
| 521 8# - TARGET AUDIENCE NOTE | |
| Target audience note | 1120<br/> |
| Source | Lexile estimate<br/> |
| 521 8# - TARGET AUDIENCE NOTE | |
| Target audience note | Z'<br/> |
| Source | Raz-Plus<br/> |
| 650 ## - SUBJECT ADDED ENTRY--TOPICAL TERM | |
| Topical term or geographic name entry element | អាជីវកម្មខ្នាតតូច |
| Form subdivision | ថវិកា |
| General subdivision | ការគ្រប់គ្រង |
| Chronological subdivision | ហិរញ្ញវត្ថុ |
| 650 ## - SUBJECT ADDED ENTRY--TOPICAL TERM | |
| Topical term or geographic name entry element | Small business |
| Form subdivision | Budget |
| General subdivision | Management |
| Chronological subdivision | Financial |
| 700 ## - ADDED ENTRY--PERSONAL NAME | |
| Personal name | Ratha, Ouk |
| Relator term | illustrator |
| 942 ## - ADDED ENTRY ELEMENTS (KOHA) | |
| Source of classification or shelving scheme | Dewey Decimal Classification |
| Koha item type | Books |
| Suppress in OPAC | No |
| Withdrawn status | Lost status | Source of classification or shelving scheme | Damaged status | Not for loan | Collection | Home library | Current library | Shelving location | Date acquired | Total Checkouts | Full call number | Barcode | Date last seen | Copy number | Price effective from | Koha item type |
|---|---|---|---|---|---|---|---|---|---|---|---|---|---|---|---|---|
| Dewey Decimal Classification | Khmer Non-Fiction / សៀវភៅខ្មែរ រឿងពិត | Footprints International School Library Network Toul Kork Campus | Footprints International School Library Network Toul Kork Campus | 09/07/2023 | ANO 658.11 | 2023-0516 | 09/07/2023 | 1 | 09/07/2023 | Books | ||||||
| Dewey Decimal Classification | Khmer Non-Fiction / សៀវភៅខ្មែរ រឿងពិត | Footprints International School Library Network Toul Kork Campus | Footprints International School Library Network Toul Kork Campus | 09/07/2023 | ANO 658.11 | 2023-0517 | 09/07/2023 | 2 | 09/07/2023 | Books | ||||||
| Dewey Decimal Classification | Khmer Non-Fiction / សៀវភៅខ្មែរ រឿងពិត | Footprints International School Library Network Toul Tom Poung Campus | Footprints International School Library Network Toul Tom Poung Campus | TTP Primary Khmer Bookshelves | 09/16/2025 | ANO 658.11 | FIS01353 | 09/16/2025 | 3 | 09/16/2025 | Books |
